000 01171cam a22003377a 4500
001 13494761
003 PILC
005 20150827102219.0
008 040219s2004 nyua 001 0 eng d
010 _a 2004296916
015 _aGBA3-83252
020 _a047146516X
035 _a(OCoLC)ocm53709761
040 _aUKM
_cUKM
_dDLC
042 _alccopycat
050 0 0 _aQM 34
_b.Al395 2004
082 0 4 _a612.0078
100 1 _aAllen, Connie,
_d1945-
245 1 0 _aEssentials of anatomy and physiology laboratory manual /
_cConnie Allen, Valerie Harper.
260 _aNew York :
_bWiley,
_c2004.
300 _aix, 358 pages :
_billustrations ;
_c28 cm.
500 _aIncludes index.
650 0 _aHuman anatomy
_vLaboratory manuals.
650 0 _aHuman physiology
_vLaboratory manuals.
700 1 _aHarper, Valerie.
856 4 1 _3Table of contents only
_uhttp://www.loc.gov/catdir/toc/wiley041/2004296916.html
856 4 2 _3Publisher description
_uhttp://www.loc.gov/catdir/enhancements/fy0620/2004296916-d.html
906 _a7
_bcbc
_ccopycat
_d3
_encip
_f20
_gy-gencatlg
942 _2lcc
_cBK
999 _c288529
_d288529